000 00898cam a22003134a 4500
001 15966688
003 OSt
005 20140310182854.0
008 091029s2009 ph l 001 0 eng
010 _a 2009516470
020 _a9789712353376
040 _aDLC
_cDLC
042 _alcode
043 _aa-ph---
050 0 0 _aKPM 880
_b.D4 2011
100 1 _aDe Leon, Hector S.
245 1 4 _aThe law on negotiable instruments :
_bwith documents of title /
_cHector S. De Leon.
250 _a2009 ed.
260 _aManila, Philippines :
_bPublished & distributed by Rex Book Store,
_c2011.
300 _a413 p. ;
_c23 cm.
500 _aIncludes indexes.
521 _aBSBA
650 0 _aNegotiable instruments
_zPhilippines.
906 _a7
_bcbc
_corigode
_d2
_encip
_f20
_gy-gencatlg
942 _2lcc
_cBK
_kLOC
999 _c17007
_d17007